Preliminary essays / (Record no. 21365)
[ view plain ]
| 000 -LEADER | |
|---|---|
| fixed length control field | 00754cam a22002771 4500 |
| 001 - CONTROL NUMBER | |
| control field | 21365 |
| 003 - CONTROL NUMBER IDENTIFIER | |
| rucl marc code | BD-RjUL |
| 005 - DATE AND TIME OF LATEST TRANSACTION | |
| control field | 20211209000657.0 |
| 008 - FIXED-LENGTH DATA ELEMENTS--GENERAL INFORMATION | |
| fixed length control field | 140304s1957 enk 000 0 eng d |
| 035 ## - SYSTEM CONTROL NUMBER | |
| System control number | (OCoLC)355598 |
| System control number | (OCoLC)ocm00355598 |
| System control number | (CStRLIN)NYCG86-B44960 |
| System control number | (BD-RjUL)21429 |
| System control number | (NNC)467958 |
| 040 ## - CATALOGING SOURCE | |
| Original cataloging agency | IaU |
| Transcribing agency | IaU |
| Modifying agency | NNC |
| -- | BD-RjUL |
| Language of cataloging | eng |
| 041 ## - LANGUAGE CODE | |
| Language code of text/sound track or separate title | eng |
| 082 00 - DEWEY DECIMAL CLASSIFICATION NUMBER | |
| Classification number | 808.008 |
| Author mark and year | WAP 1957 |
| 100 1# - MAIN ENTRY--PERSONAL NAME | |
| Personal name | Wain, John. |
| 9 (RLIN) | 55418 |
| 245 10 - TITLE STATEMENT | |
| Title | Preliminary essays / |
| Statement of responsibility, etc. | John Wain. |
| 260 ## - PUBLICATION, DISTRIBUTION, ETC. (IMPRINT) | |
| Place of publication, distribution, etc. | London : |
| Name of publisher, distributor, etc. | MacMillan; |
| Place of publication, distribution, etc. | New York : |
| Name of publisher, distributor, etc. | St. Martin's Press, |
| Date of publication, distribution, etc. | 1957. |
| 300 ## - PHYSICAL DESCRIPTION | |
| Pagination | 196 p. ; |
| Size | 23 cm. |
| 650 #0 - SUBJECT ADDED ENTRY--TOPICAL TERM | |
| Topical term or geographic name as entry element | English literature. |
| 9 (RLIN) | 66042 |
| 942 ## - ADDED ENTRY ELEMENTS (KOHA) | |
| Source of classification or shelving scheme | Dewey Decimal Classification |
| Koha item type | Books |
| Lost status | Source of classification or shelving scheme | Damaged status | Not for loan | Collection code | Permanent Location | Current Location | Shelving location | Date acquired | Source of acquisition | Cost, normal purchase price | Total Checkouts | Full call number | Date last seen | Copy number | Koha item type |
|---|---|---|---|---|---|---|---|---|---|---|---|---|---|---|---|
| Dewey Decimal Classification | Added to bundle | Fiction | Central Library, University of Rajshahi | Central Library, University of Rajshahi | Reading Room | 02/09/1964 | Zeitlinger | 15.00 | 808.008 WAP 1957 | 04/03/2014 | C-1 | Books |